Jaico illustrated encyclopaedia of technical terms / (Record no. 137146)

MARC details
000 -LEADER
fixed length control field 00532nam a22001937a 4500
010 ## - LIBRARY OF CONGRESS CONTROL NUMBER
LC control number A-835003
020 ## - INTERNATIONAL STANDARD BOOK NUMBER
International Standard Book Number 817224004
035 ## - SYSTEM CONTROL NUMBER
System control number A-835003
037 ## - SOURCE OF ACQUISITION
Source of stock number/acquisition Cen Lib / Ret
040 ## - CATALOGING SOURCE
Original cataloging agency DPL
Language of cataloging EN
082 ## - DEWEY DECIMAL CLASSIFICATION NUMBER
Classification number 603
Item number JAI
245 ## - TITLE STATEMENT
Title Jaico illustrated encyclopaedia of technical terms /
260 ## - PUBLICATION, DISTRIBUTION, ETC. (IMPRINT)
Place of publication, distribution, etc Calcutta
Name of publisher, distributor, etc Jaico Publishing House
Date of publication, distribution, etc 1991
270 ## - ADDRESS
Address 121, Mahatma Gandhi Road
300 ## - PHYSICAL DESCRIPTION
Extent (v 2. 266-537p)
Dimensions 24cm(Hb)
650 ## - SUBJECT ADDED ENTRY--TOPICAL TERM
Topical term or geographic name as entry element Encyclopedia
650 ## - SUBJECT ADDED ENTRY--TOPICAL TERM
Topical term or geographic name as entry element Technology
942 ## - ADDED ENTRY ELEMENTS (KOHA)
Source of classification or shelving scheme Dewey Decimal Classification
Koha item type English Books
Classification part 603
Call number suffix JAI
Holdings
Withdrawn status Lost status Damaged status Not for loan Home library Current library Date acquired Source of acquisition Total Checkouts Full call number Barcode Date last seen Date checked out Copy number Price effective from Koha item type Public note
Written off       Central Library Central Library 19/03/2016 Cen Lib/Ret 1 603 JAI A-835003 10/06/2019 27/05/2019 1 19/03/2016 English Books Written off on approval by DLB (By Circulation); dtd 15-06-2023

© Delhi Public Library
Hit Counter
free hit counter